=LDR 00000nam 2200000 4500 =001 INLIS000000000046872 =005 20150522102836.0 =006 =007 =008 =035 ##$$0010-051500000000131 =040 ##$$a Ind =082 ##$$a 907 =090 ##$$a 907$bSej s =245 ##$$a Sejarah untuk SMA/MA kelas Xii Ips$cIg kingking teja angkasa...[Et.Al]. =260 ##$$a Jakarta$bgramedia widiasarana indonesia$c2007. =300 ##$$a Viii,113 HLm$bIlus$c23 cm. =850 ##$$a NBPDMAT =990 ##$$a 0001/BPAP-NTB/20142015 =990 ##$$a 0282/BPAP-NTB/2015 =990 ##$$a 0282/BPAP-NTB/2015 =990 ##$$a 0001/BPAP-NTB/20142015